| 000 | 02258nam2a2200289 4500 | ||
|---|---|---|---|
| 001 | RU\NLR\BIBL_A\010955450 | ||
| 005 | 20260405184957.0 | ||
| 010 |
_a978-5-9293-1416-2 _bч. 2 _9300 |
||
| 021 |
_aRU _b15-99665 |
||
| 035 | _a(NLR Aleph) 010955450 | ||
| 090 |
_a10788264 _c10788264 |
||
| 100 | _a20160121d2015 |||y0rusy50 ca | ||
| 101 | 0 | _arus | |
| 102 | _aRU | ||
| 105 | _ay|||j|||000yy | ||
| 200 | 1 |
_aТеория права _f[Е.В. Воскресенская, д.ю.н., проф., М.Л. Давыдова, д.ю.н., проф., А.В. Кузьмин, к.ю.н., доц. и др.] |
|
| 210 |
_d2015 _aБ. м. |
||
| 215 | _a248 с. | ||
| 320 | _aБиблиогр. в конце лекций | ||
| 461 | 0 |
_1001RU\NLR\BIBL_A\011009026 _12001#$aТеория государства и права$e[курс лекций$eдля студентов всех форм обучения юридических факультетов$eв 2 ч.]$fР.Ю. Горлачёв, к.ю.н., Н.В. Григорьева, к.полит.н., доц., Ц.С. Дондоков, к.ю.н., доц. и др.]$gМ-во образования и науки Рос. Федерации, Гос. образоват. учреждение высш. проф. образования "Забайк. гос. ун-т" (ЗабГУ)$vЧ. 2 _911012367 _cЧита _d2015 _fР.Ю. Горлачёв, к.ю.н., Н.В. Григорьева, к.полит.н., доц., Ц.С. Дондоков, к.ю.н., доц. и др.] _nЗабайкальский государственный университет _o[курс лекций : для студентов всех форм обучения юридических факультетов : в 2 ч.] _tТеория государства и права _y9785929314148 _vЧ. 2 |
|
| 701 | 1 |
_aВоскресенская _bЕ. В. _gЕлена Владимировна |
|
| 701 | 1 |
_8rus _7ca _aДавыдова _bМ. Л. _cд-р юрид. наук _gМарина Леонидовна _3RU\NLR\AUTH\7781371 _964299 |
|
| 701 | 1 |
_7ca _8rus _aКузьмин _bА. В. _cканд. юрид. наук _f1970- _gАндрей Владимирович _960588 _3RU\NLR\AUTH\7777660 |
|
| 942 | _cBOOK | ||
| 980 | _aNB | ||